Sports Quiz

Random Sports or WWE Quiz

Wrestling Relatives: Real or Storyline? Quiz Stats

 Plays Quiz not verified by Sporcle

Challenge
Share
Tweet
Embed
Score 0/20 Timer 05:00
0 Plays Today
Hint Real (R) or Storyline (S)? % Correct
Bret and Owen Hart???
98.1%
Matt and Jeff Hardy???
97.6%
Goldust (Dustin) and Cody Rhodes???
96.9%
Jimmy and Jey Uso???
96.4%
Kane and The Undertaker???
96.4%
Edge and Christian???
95.9%
Rick and Scott Steiner???
94.2%
Buh Buh Ray and D'von Dudley???
93%
Dory (Jr) and Terry Funk???
92.7%
Bob, Molly, and Crash Holly???
90.6%
Hint Real (R) or Storyline (S)? % Correct
Chavo and Eddie Guerrero???
89.6%
Katie Lea and Paul Burchill???
86.4%
Barry and Kendall Windham???
85.5%
Booker T and Stevie Ray???
78.7%
Beau and Blake Beverly???
78.7%
Ivan and Nikita Koloff???
77.5%
Jacques and Raymond Rougeau???
73.6%
Ole and Arn Anderson???
71.2%
Ronnie and Jimmy Garvin???
63.7%
Jimmy and Johnny Valiant???
62.2%

You're not logged in!

Compare scores with friends on all Sporcle quizzes.
OR
Log In

You Might Also Like...

Show Comments

Extras

Created Jun 13, 2014ReportNominate
Tags:WWE Quiz, wrestling

Top Quizzes Today


Score Distribution

Your Account Isn't Verified!

In order to create a playlist on Sporcle, you need to verify the email address you used during registration. Go to your Sporcle Settings to finish the process.

Report this User

Report this user for behavior that violates our Community Guidelines.

Details: